00841nas a2200229Ia 4500001001100000003000900011008004100020040001300061040001300074041001300087100004800100210003500148222003500183245012400218250001100342260002100353501008600374300001800460362001600478500008100494650003600575R059/99657IT-RoPAU151124c99999999xx |||||||||||| ||und|| aIT-RoPAU cIT-RoPAU aITALIANO aGhislotti StefanogCodice Aut. SPICS: 18651 aQUADERNI DI "IL NOSTRO CINEMA" aQuaderni Di "Il Nostro Cinema" aQUADERNI DI "NOSTRO CINEMA", N.25 (1991)bViolenza Della Rappresentazione Cinematografica (La): Assuefazione O Catarsi? a1a ed. aROMAbACECc1991 bPaulus - SPICS - Società San Paolo EM (non-commercial uses only)cCopyright2015 a11 p. [36-46] aN.25 (1991) aRelazione al Xiv Corso di Aggiornamento Sul Tema la Violenza dei Mass Media. aCINEMAvPUBBLICAZIONE PERIODICA